000 00723nam a2200229 a 4500
001 BRCA_5043
005 20190320204921.0
008 051110s1945----gw-a######---#000-0#ger-#
041 _ager
044 _agw
050 4 _aND813.G6
_b.B75 1945
100 1 _aBriegger-Wasservogel, Lothar
_912877
245 1 0 _aFrancisco de Goya
_cvon Lothar Briegger-Wasservogel.
260 _aBerlín, Alemania
_bMarquardt
_c[1945]
300 _a59 p.
_bil., 55 láminas
_c32 cm.
500 _aIncluye índice de ilustraciones y 55 reproducciones originales y un grabado
500 _aD127
600 1 4 _aGoya y Lucientes, Francisco José de
_d1746-1828
_911075
650 1 4 _aPintores españoles
_97620
902 _aGFM
942 _2lcc
_cB
999 _c4737
_d4737